Boy 2.0 / Tracey Baptiste.
Available copies
- 3 of 3 copies available at LARL/NWRL Consortium. (Show)
- 2 of 2 copies available at Lake Agassiz Regional Library.
Current holds
0 current holds with 3 total copies.
Show Only Available Copies
| Location | Call Number / Copy Notes | Barcode | Shelving Location | Status | Due Date |
|---|---|---|---|---|---|
| Detroit Lakes Public Library | J BAP (Text) | 33500014144331 | Main | Available | - |
| Moorhead Public Library | J BAP (Text) | 33500014144349 | Main | Available | - |
Record details
- ISBN: 9781643753812
- ISBN: 1643753819
- Physical Description: 293 pages ; 22 cm
- Edition: First edition.
- Publisher: New York : Algonquin Young Readers/Workman Publishing, 2024.
Content descriptions
| Summary, etc.: | When thirteen-year-old African American Coal ... Read More |
| Target Audience Note: | Ages 10 and up. Algonquin Young Readers/Workman ... Read More |
Search for related items by subject
| Genre: | Humorous fiction. Science fiction. Superhero fiction. Science fiction. Superhero fiction. Science fiction. |
Search for related items by series
| LDR | 02288cam a2200601 i 4500 | ||
|---|---|---|---|
| 001 | 444022 | ||
| 003 | LARL_NWRL_CONSORTIUM | ||
| 005 | 20260429135214.0 | ||
| 008 | 240613s2024 nyu c 000 1 eng | ||
| 010 | . | ‡a 2024003286 | |
| 040 | . | ‡aDLC ‡beng ‡erda ‡cDLC ‡dFTL ‡dSDG | |
| 019 | . | ‡a1464841008 | |
| 020 | . | ‡a9781643753812 ‡q(hardcover) | |
| 020 | . | ‡a1643753819 | |
| 020 | . | ‡z9781523529896 ‡q(ebook) | |
| 035 | . | ‡a(OCoLC)1440140335 ‡z(OCoLC)1464841008 | |
| 042 | . | ‡apcc | |
| 082 | 0 | 0. | ‡a[Fic] ‡223 |
| 100 | 1 | . | ‡aBaptiste, Tracey, ‡eauthor. |
| 245 | 1 | 0. | ‡aBoy 2.0 / ‡cTracey Baptiste. |
| 250 | . | ‡aFirst edition. | |
| 264 | 1. | ‡aNew York : ‡bAlgonquin Young Readers/Workman Publishing, ‡c2024. | |
| 300 | . | ‡a293 pages ; ‡c22 cm | |
| 336 | . | ‡atext ‡btxt ‡2rdacontent | |
| 337 | . | ‡aunmediated ‡bn ‡2rdamedia | |
| 338 | . | ‡avolume ‡bnc ‡2rdacarrier | |
| 385 | . | ‡nage ‡aPreteens ‡0(DLC)dg2015060394 ‡2lcdgt | |
| 490 | 0 | . | ‡aBoy 2.0 ; ‡v1 |
| 521 | . | ‡aAges 10 and up. ‡bAlgonquin Young Readers/Workman Publishing. | |
| 520 | . | ‡aWhen thirteen-year-old African American Coal discovers he can turn invisible, he searches for answers about his past with the help of his friends and his new foster family. | |
| 650 | 0. | ‡aAbility ‡vJuvenile fiction. | |
| 650 | 0. | ‡aInvisibility ‡vJuvenile fiction. | |
| 650 | 0. | ‡aSuperheroes ‡vJuvenile fiction. | |
| 650 | 0. | ‡aFoster children ‡vJuvenile fiction. | |
| 650 | 0. | ‡aAfrican Americans ‡vJuvenile fiction. ‡0(LARL_NWRL_CONSORTIUM)163089 | |
| 650 | 1. | ‡aAbility ‡vFiction. | |
| 650 | 1. | ‡aInvisibility ‡vFiction. | |
| 650 | 1. | ‡aSuperheroes ‡vFiction. | |
| 650 | 1. | ‡aFoster children ‡vFiction. ‡0(LARL_NWRL_CONSORTIUM)172246 | |
| 650 | 1. | ‡aAfrican Americans ‡vFiction. ‡0(LARL_NWRL_CONSORTIUM)163084 | |
| 655 | 0. | ‡aHumorous fiction. | |
| 655 | 0. | ‡aScience fiction. | |
| 655 | 0. | ‡aSuperhero fiction. | |
| 655 | 7. | ‡aScience fiction. ‡2gsafd | |
| 655 | 7. | ‡aSuperhero fiction. ‡2lcgft | |
| 655 | 7. | ‡aScience fiction. ‡2lcgft | |
| 776 | 0 | 8. | ‡iOnline version: ‡aBaptiste, Tracey. ‡tBoy 2.0. ‡bFirst edition ‡dNew York : Algonquin Young Readers/Workman Publishing, 2024 ‡z9781523529896 ‡w(DLC) 2024003287 |
| 901 | . | ‡a444022 ‡bOCoLC ‡c444022 ‡tbiblio ‡soclc | |

Add to basket
Permalink
Enable Highlighting